Úloha priemyslu v slovenskej ekonomike sa postupne znižuje, stále je však rozhodujúca

Národohospodárske postavenie priemyslu. Charakteristika vývoja výkonnosti národného hospodárstva. Štruktúrno-výkonná nevyváženosť ekonomiky. Transformačný efekt.

Na minha lista:
Detalhes bibliográficos
Autor principal: Žitňanský, Eduard
Outros Autores: Kárász, Pavol
Formato: Livro
Idioma:eslovaco
Assuntos:
Tags: Adicionar Tag
Sem tags, seja o primeiro a adicionar uma tag!

MARC

LEADER 00000nam a2200000 4500
001 r030815
005 20230921082033.4
041 0 |a slo 
044 |a SK 
245 1 0 |a Úloha priemyslu v slovenskej ekonomike sa postupne znižuje, stále je však rozhodujúca  |c Eduard Žitňanský 
520 |a Národohospodárske postavenie priemyslu. Charakteristika vývoja výkonnosti národného hospodárstva. Štruktúrno-výkonná nevyváženosť ekonomiky. Transformačný efekt. 
610 2 0 |a hospodárstvo národné 
610 2 0 |a priemysel 
610 2 0 |a transformácia 
610 2 0 |a produkt domáci hrubý 
610 2 0 |a výkonnosť 
610 2 0 |a vývoz 
610 2 0 |a Slovensko 
100 1 |a Žitňanský, Eduard 
700 1 |a Kárász, Pavol